What Colour Is It? - Extreme - Statistics

General Stats
  • This quiz has been taken 72 times
    64 since last reset
  • The average score is 39 of 50
Answer Stats
Question Answer % Correct
Banana Yellow
100%
Sky Blue
89%
The Ocean Blue
89%
Chocolate Brown
89%
Poop Brown
89%
Wood Brown
89%
Granny Smith Apple Green
89%
Lime Green
89%
Emeralds Green
89%
Grass Green
89%
Eucalyptus Leaves Green
89%
Mandarin Orange
89%
Tangerine Orange
89%
Carrots Orange
89%
Pumpkin Orange
89%
Lavender Purple | Pink
89%
Spider-Man Red
89%
Cherries Red
89%
Strawberry Red
89%
Spot on Japan's flag Red
89%
Coca Cola (The brand colour) Red
89%
Raspberry Red
89%
Swiss Cheese Yellow
89%
Lemon Yellow
89%
School Buses (In America) Yellow
89%
Unhealthy and plaque-stained teeth Yellow
89%
Sunflowers Yellow
89%
Major colour on the flag of Australia Blue
78%
Cookie Monster Blue
78%
White Grapes Green
78%
Colour most associated with snakes Green
78%
Goldfish Orange
78%
Ballerina Tutu Purple | Pink
78%
Fuji Apple Red
78%
Mars Red
78%
Hourglass on the Black Widow spider's back Red
78%
Giraffe (Not spots) Yellow
78%
Uranus Blue
67%
Zombie (typically) Green
67%
Old flag of Libya Green
67%
Brain Purple | Pink
67%
Colour most associated with Chinese emperors Yellow
67%
Megamind's skin Blue
56%
Egg Yolk (Freshly cracked) Orange
56%
Aubergine Purple | Pink
56%
Lion Yellow
56%
The Sun (The major colour) Orange
44%
Chuck from Angry Birds Yellow
44%
Blueberry (If you really consider it) Purple | Pink
33%
Siamese Fighting Fish Blue
11%
No matching quizzes found
Score Distribution
Percent of People with Each Score
Percentile by Number Answered
Your Score History
You have not taken this quiz since the last reset